书目信息 |
| 题名: |
制浆造纸分析与检测
|
|
| 作者: | 刘书钗 主编 | |
| 分册: | ||
| 出版信息: | 北京 化学工业出版社 2004 |
|
| 页数: | 274页 | |
| 开本: | 26cm | |
| 丛书名: | 制浆造纸实用技术丛书 | |
| 单 册: | ||
| 中图分类: | TS74 , TS75 | |
| 科图分类: | ||
| 主题词: | 制浆--化学分析 , 造纸--化学分析 , 制浆 , 造纸 , 化学分析 | |
| 电子资源: | ||
| ISBN: | 7-5025-4184-5 | |
| 000 | 00932oam2 2200313 450 | |
| 001 | 002606277 | |
| 005 | 20080225094934.42 | |
| 010 | @a7-5025-4184-5@dCNY38.00 | |
| 100 | @a20040311d2004 em y0chiy0110 ea | |
| 101 | 0 | @achi |
| 102 | @aCN@b110000 | |
| 105 | @ay z 000yy | |
| 106 | @ar | |
| 200 | 1 | @a制浆造纸分析与检测@Azhi jiang zao zhi fen xi yu jian ce@f刘书钗主编 |
| 210 | @a北京@c化学工业出版社@d2004 | |
| 215 | @a274页@d26cm | |
| 225 | 2 | @a制浆造纸实用技术丛书 |
| 330 | @a本书阐述了实验工作中一般注意事项,植物纤维原料的化学成分分析及纤维形态的观察,化工原料分析,环保的监测等内容。 | |
| 461 | 0 | @1001002480453@12001 @a制浆造纸实用技术丛书 |
| 606 | 0 | @a制浆@x化学分析 |
| 606 | 0 | @a造纸@x化学分析 |
| 606 | 0 | @a制浆 |
| 606 | 0 | @a造纸 |
| 606 | 0 | @a化学分析 |
| 690 | @aTS74@v4 | |
| 690 | @aTS75@v4 | |
| 701 | 0 | @a刘书钗@Aliu shu chai@c(教授)@4主编 |
| 801 | 0 | @aCN@bNLC@c20080225 |
| 905 | @dTS74@e9@f4 | |
| 制浆造纸分析与检测/刘书钗主编.-北京:化学工业出版社,2004 |
| 274页;26cm.-(制浆造纸实用技术丛书) |
| ISBN 7-5025-4184-5:CNY38.00 |
| 本书阐述了实验工作中一般注意事项,植物纤维原料的化学成分分析及纤维形态的观察,化工原料分析,环保的监测等内容。 |
| ● |
| 相关链接 |
|
|
|
|
正题名:制浆造纸分析与检测
索取号:TS74/9
 
预约/预借
| 序号 | 登录号 | 条形码 | 馆藏地/架位号 | 状态 | 备注 |
| 1 | 0614810 | 206148104 | 第二样本阅览室/ [索取号:TS74/9] | 在馆 | |
| 2 | 0614811 | 206148113 | 第三借阅区/ [索取号:TS74/9] | 在馆 | |
| 3 | 0614812 | 206148122 | 第三借阅区/ [索取号:TS74/9] | 在馆 | |
| 4 | 0614813 | 206148131 | 第三借阅区/ [索取号:TS74/9] | 在馆 |